Datum a čas kvízu
23
Celkem bodů
Celkový počet nahraných bodů na tomto kvízu bez doplňovacích otázek.
10.
Pořadí na kvízu
Konečné umístění týmu na tomto kvízu.
Zaznamenané odpovědi
| # | Otázka | Odpověď | Body | Výsledky |
|---|---|---|---|---|
| 1. | Jak se nazývá státní vyznamená... | Řád Tomáše Garrigua Masaryka (1. třídy) | 0 | |
| 2. | O víkendu se v Rusku konaly pr... | Poledne proti Putinovi | 1 | |
| 3. | Minulý týden byla přidána na... | berlínské techno | 0 | |
| 4. | Některé provozovny jistého řet... | McDonald's | 1 | |
| 5. | K zajímavému hecování došlo v... | pizzu s ananasem | 0 | |
| 6. | Téma začneme v Evropě. Seřaďte... | 1A 2C 3D 4B | 0 | |
| 7. | V čele kterého ostrovního stát... | Kuba | 0 | |
| 8. | Jak se jmenuje tento živočich... | fosa | 0 | |
| 9. | Jak se jmenuje nejlidnatější s... | Indonésie, Jakarta | 0 | |
| 10. | Jak se jmenuje ostrovní stát,... | Papua Nová Guinea | 0 |